|
|
|
|
| LEADER |
00000ntmaa2200000 a 4500 |
| 001 |
vtls011771938 |
| 003 |
SK-MaSNL |
| 005 |
20260302021335.0 |
| 008 |
251201s1844 xo || 000 s cze |
| 035 |
|
|
|a urn:nbn:sk:snk-tm00ek56
|
| 035 |
|
|
|a urn:nbn:sk:snk-tm3n3ej
|
| 035 |
|
|
|a 14EC580E-43A8-4302-8D86-1F25A8D4F691
|
| 040 |
|
|
|a SNKLA
|b slo
|c SNKLA
|e AACR2
|
| 041 |
0 |
|
|a cze
|
| 044 |
|
|
|a xo
|c SK
|
| 072 |
|
7 |
|a 2
|x Náboženstvo
|2 konspekt
|
| 072 |
|
7 |
|a 27-46/-48
|x Pastorálna teológia
|2 konspekt
|
| 080 |
|
|
|a 27-475.5
|2 2011
|
| 080 |
|
|
|a 025.171
|2 2011
|
| 245 |
0 |
0 |
|a [Kázeň]
|
| 260 |
|
|
|a W Skalici
|c 1844
|
| 300 |
|
|
|a 15 nečíslovaných strán
|b rukopis, viazaný
|c 19 cm
|
| 500 |
|
|
|a Vložený lístok pôvodného spracovania
|
| 500 |
|
|
|a Na štítku predného kartónu pôvodná signatúra 73-K
|
| 500 |
|
|
|a Rukopis obsahuje dve kázne, z druhej je len časť
|
| 520 |
2 |
|
|a Zošit s evanjelickou kázňou na 24. nedeľu po Sv. Trojici
|
| 555 |
0 |
|
|a Inventár rukopisov Archívu literatúry a umenia Slovenskej národnej knižnice. Rukopisy Muzeálnej slovenskej spoločnosti: Slovenská národná knižnica 2008
|
| 561 |
|
|
|a Záznam: Dar. Pav. Beblavý
|
| 610 |
2 |
7 |
|a Evanjelická cirkev a.v.
|2 SNKKA
|9 32425
|
| 655 |
|
7 |
|a kázne
|2 SNKPH
|9 70516
|
| 655 |
|
7 |
|a rukopisy
|2 SNKPH
|9 70548
|
| 700 |
1 |
|
|a Beblavý, Pavel,
|d 1847-1910
|4 dnr
|9 62247
|
| 752 |
|
|
|a Slovensko
|d Skalica
|
| 852 |
|
|
|a Slovenská národná knižnica
|b Literárny archív
|
| 958 |
|
|
|a MS
|
| 958 |
|
|
|a LAVD
|
| 999 |
|
|
|c 1028520
|d 1030450
|
| 952 |
|
|
|a SNKLA
|b SNKLA
|c SNKLA_DEP
|y NEVYP
|7 0
|p 17A1228261
|o snkMSS 438
|0 0
|1 0
|4 0
|d 2018-08-13
|f 1
|l 0
|r 2026-02-24 13:46:20
|w 2026-02-24
|